| 000 | 01682nam0a2200445 4500 | ||
|---|---|---|---|
| 001 | RU\NLR\bibl\1397806 | ||
| 005 | 20260408152419.0 | ||
| 010 | _a978-5-397-00716-0 | ||
| 021 |
_aRU _b2009-43092 _92618 |
||
| 035 | _a(NLR Aleph) 001389826 | ||
| 090 |
_a1154971 _c1154971 |
||
| 100 | _a20090529d2009 k y0rusy50 ca | ||
| 101 | 0 | _arus | |
| 102 | _aRU | ||
| 105 | _aac dm ||||| | ||
| 200 | 1 |
_aФуллерены, углеродные нанотрубки и нанокластеры _eродословная форм и идей _fЕ.А. Кац |
|
| 205 | _aИзд. 2-е | ||
| 210 |
_aМосква _cURSS _cЛИБРООМ _d2009 |
||
| 215 |
_a294 с. _cил., портр. _d22 |
||
| 225 | 1 |
_aНауку - всем! Шедевры научно-популярной литературы _iФизика |
|
| 320 | _aБиблиогр.: с. 275-280 (121 назв.) | ||
| 320 | _aИмен. указ.: с. 281-286 | ||
| 320 | _aПредм. указ.: с. 287-294 | ||
| 606 | 1 |
_aФуллерены _91499361 _3RU\NLR\auth\66649873 |
|
| 606 | 1 |
_aУглеродные нанотрубки _92475554 _3RU\NLR\auth\661469954 |
|
| 606 |
_aКластеры (хим.) _3RU\NLR\auth\663761 _9894298 |
||
| 610 | 0 | _aуглеродные нанотрубки | |
| 610 | 0 | _aфуллерены | |
| 610 | 0 | _aкластеры углерода | |
| 686 |
_aГ116.922я9 _2rubbk |
||
| 686 |
_aГ741я9 _2rubbk |
||
| 686 | _aГ741 | ||
| 686 | _aЛ252 | ||
| 700 | 1 |
_aКац _bЕ. А. _gЕвгений Адольфович _4070 |
|
| 801 | 0 |
_aRU _bРКП _c20090529 _grcr |
|
| 801 | 1 |
_aRU _bРГБ _c20090529 |
|
| 801 | 2 |
_aRU _bNLR _c20090804 _grcr |
|
| 942 | _cBOOK | ||
| 980 | _aNB | ||